000 00628nam a2200265Ia 4500
005 20260121170804.0
008 008 260114s9999 xx 000 0 eng d
020 _a9784431568377
037 _aEBOOK
040 _aCRL
040 _beng
040 _cCRL
041 _2eng
041 _aeng
084 _qCRL
100 _aShihoko Ishii
_91068171
245 0 _aIntroduction to Singularities
260 _bSpringer
260 _bSpringer
260 _c2018
856 _uhttps://link.springer.com/openurl?genre=book&isbn=978-4-431-56837-7
942 _cEBOOK
999 _c1633901
_d1633901